| 000 | 00670nam a22002057a 4500 | ||
|---|---|---|---|
| 003 | OSt | ||
| 005 | 20251106063917.0 | ||
| 008 | 251106b |||||||| |||| 00| 0 eng d | ||
| 020 | _a978-0-7619-3597-1. | ||
| 040 |
_aDWCL-Main lib _cOC |
||
| 082 | _aCirc. 333.7 S617e 2007 | ||
| 100 | _aSingh, Katar | ||
| 245 |
_aEnvironmental economics : _btheory and applications _cSingh, Katar |
||
| 260 |
_aNew Delhi : _bSage Pub. India Pvt. Ltd., _cc2007. |
||
| 300 |
_a423 p. : _billustration ; _c22 cm. |
||
| 504 | _aIncludes bibliographical references and index. | ||
| 650 | _21. Environmental economics. | ||
| 650 | _22. Environmental policy. | ||
| 942 |
_2ddc _cBK-CIRC _kCirc. _n0 |
||
| 999 |
_c5602 _d5602 |
||